000 00758nam a2200205Ia 4500
003 GCL
005 20240530110233.0
008 140319s9999 xx 000 0 ara d
040 _aGCL /
_cGCL
082 0 4 _aم
_b016.953011
_bا ا
100 1 _aاحمد محمد الطبيب
245 1 0 _aاثار الشيخ محمد بن عبدالوهاب : سجل ببليوجرافى لما نشر من مؤلفاته ولبعض ما كتب عنه /
_cاحمد محمد الطبيب
260 _a[S.N] :
_bدار المريخ للنشر ،
_c1982
300 _a240 ص
650 0 4 _aالسعودية
650 0 4 _aالببليوجرافيات الموضوعية
650 0 4 _aالوهابية
650 0 4 _aمحمد بن عبدالوهاب
942 _2ddc
_cREF
999 _c59471
_d59471